| 000 | 00394nam a2200145Ia 4500 | ||
|---|---|---|---|
| 008 | 231129s2018||||xx |||||||||||||| ||spa|| | ||
| 020 | _a978-958-780-617-5 | ||
| 040 | _bspa | ||
| 082 | _a(i) 863 S572cl | ||
| 100 | _aSierra i Fabra Jordi 1947- | ||
| 245 | 0 | _aEl club de los raros | |
| 260 | _c2018 | ||
| 264 | _aBogotá Colombia : SM | ||
| 942 |
_2ddc _cBKS |
||
| 999 |
_c10592 _d10592 |
||